000 00661nam a2200229 i 4500
001 bg
100 1 _aBUDZIŃSKI, Franciszek
245 1 0 _aInnowacje techniczne :
_bgeneza i rozwój /
_cFranciszek Budziński, Marek Mróz.
260 _aRzeszów :
_bOficyna Wydaw. Politechniki Rzeszowskiej,
_c1998.
300 _a90 s. ;
_c24 cm.
504 _aBibliogr. s. 89-90.
650 9 _aInnowacje
650 9 _aPostęp techniczny
_xzagadnienia
700 1 _aMRÓZ, Marek
020 _a8371990383
040 _cBPK
041 0 _apl
080 _a62::008:001.895](075.8)
920 _a83-7199-038-3
942 _cKS
008 s pl f |000 0 pol
999 _c34599
_d34599
856 _uhttp://koha.tu.koszalin.pl/cgi-bin/koha/opac-detail.pl?biblionumber=34599
_yKatalog online BPK